Top 10 najgorsze miasta w Polsce - Statystyki

Ogólne statystyki
  • Ten quiz został rozwiązany 27 razy
  • Średni wynik to 3 z 10
Statystyki odpowiedzi
Odpowiedź % Poprawnych
Łódź
73%
Radom
62%
Sosnowiec
62%
Bytom
58%
Gdańsk
8%
Toruń
8%
Oświęcim
4%
Królewiec
0%
Kutno
0%
Winiary
0%
Nie znaleziono quizów pasujących do podanych kryteriów
Rozkład punktacji
Procent ludzi z każdym wynikiem
Percentyl według liczby udzielonych odpowiedzi
Twoja historia wyników
Nie rozwiązałeś tego quizu